000
00299nam a22001457a 4500
008
210301b ||||| |||| 00| 0 eng d
020
_a
9780547394886
041
_a
eng
080
_a
82
082
_a
82
100
_a
21
101
_a
GJL
245
_a
Write Source
_c
Kemper, D
942
_2
udc
_c
BK
999
_c
55349
_d
55349